Responses for show #7140 - Friday, October 2, 2015

Matt Jackson game 6.

Contestants

Lindsay Townes, a Ph.D. candidate in epidemiology from Detroit, Michigan

Tony Langford, a software engineer from Roswell, Georgia

Matt Jackson, a paralegal from Washington, D.C. (whose 5-day cash winnings total $140,401)

Jeopardy! Round responses

WRITING FOR TELEVISION
THAT'S HISTORY
TOP 10 GLOBAL BRANDS
(Alex: ...according to the 2015 Brandz list.)
"HIP" WORDS
ANIMALS IN KIDS' BOOKS
NEW SPORTS TEAM NAMES?
(Alex: They all have a geographic and a non-geographic element to them.)
    $200 21
(Alex: Less than a minute now.)

The Simpsons

Triple Stumper
    $200 23
the House of Lords

Matt
    $200 25
[The end-of-round signal sounds.]

Google

Matt
    $200 3
a spider

Matt
    $400 22
Ironside

Matt
    $400 24
a virus (or flu)

Tony
    $400 5
a bull

Matt
    $600 20
(Alex: That's a good response for a good show.)

Lost

Matt
    $600 15
Lisbon

Matt
    $600 1
Marlboro

Matt
    $600 9
a starship

Tony
    $600 6
a tiger

Matt
    $600 12
the Jackson 5

Matt
    $800 19
Marc Maron

Tony
    $4,000 16
(Alex: I have bad news for you, Matt. Usually when you hit a Daily Double, you risk $6,000. Now you have only $5,000. How are you gonna handle this crisis?)
(Matt: $4,000.)
[Laughter]

the Copyright Act

Matt
    $800 2
McDonald's

Lindsay
    $800 10
a whipsaw

Triple Stumper
    $800 7
a pig

Lindsay
    $800 13
(Tony: Who are the Tennessee Waltz?)

the Texas Two-Step

Tony
Triple Stumper
    $1000 18
Elementary

Matt
    $1000 17
Stalingrad

Triple Stumper
    $1000 4
(Tony: What is Time Warner?)

Verizon

Tony
Triple Stumper
    $1000 11
the Hippodrome

Matt
    $1000 8
a monkey

Triple Stumper
    $1000 14
the Oregon Trail

Matt

Scores at the first commercial break (after clue 15):

Matt Tony Lindsay
$5,000 -$1,200 $1,600

Scores at the end of the Jeopardy! Round:

Matt Tony Lindsay
$11,400 $0 $1,600

Double Jeopardy! Round responses

ACTORS' HIT SONGS
SAME LETTER BEGINNING, MIDDLE & END
MEMOIRS
I'M JUST A "VILLE"
CYCLE ANALYSIS
PAGING DR. FREUD
    $400 1
Don Johnson

Tony
    $400 27
(Alex: [*] Dogs? Yeah. The writers get a little fancy once in a while.)

reservoir

Triple Stumper
    $400 28
(Lindsay: Who is Merle Haggard?)
(Matt: Who is Seeger?)

Willie Nelson

MattLindsay
Triple Stumper
    $400 29
Nashville

Matt
    $400 30
an annual

Lindsay
    $400 26
London

Triple Stumper
    $800 2
"King Tut"

Tony
    $800 6
(Tony: Um... I'm sorry.)

expense

Tony
Triple Stumper
    $800 13
Tuesdays with Morrie

Matt
    $800 22
Jacksonville

Matt
    $800 18
waning

Matt
    $800 25
(Carl) Jung

Lindsay
    $1200 3
Patrick Swayze

Tony
    $1200 7
essence

Matt
    $1200 11
(Alex: The man was [*]. American Sniper.)

Chris Kyle

Triple Stumper
    $5,000 14
(Alex: Home of the Kentucky Derby. Yes.)

Louisville

Matt
    $1200 15
the Krebs cycle

Matt
    $3,000 19
the superego

Matt
    $1600 4
Eddie Murphy

Tony
    $1600 8
gouging

Triple Stumper
    $1600 10
Wiesel

Matt
    $1600 21
Leadville

Triple Stumper
    $1600 16
Schubert

Matt
    $1600 24
Anna Freud

Matt
    $2000 5
Jared Leto

Lindsay
    $2000 9
aphasia

Lindsay
    $2000 12
(Tony: What is Little Miss Sunshine?)

The Glass Castle

Tony
Triple Stumper
    $2000 20
Asheville (North Carolina)

Tony
    $2000 17
the cicada

Matt
    $2000 23
Thanatos

Matt

Scores at the end of the Double Jeopardy! Round:

Matt Tony Lindsay
$33,000 $3,200 $6,400
(lock game)

[wagering suggestions for these scores]

Final Jeopardy! Round responses

NOTABLE AMERICAN WOMEN
(Alex: Will this be one of those days when Matt Jackson, our champion, is happy that the game was a runaway for him? )
...
(Alex: [To Tony] The important word in that clue, I guess, was "fireside". Yeah, the Fireside Chats of FDR.)
TonyWho is Eleanor Roosevelt?
$3,000
LindsayWho is Eleanor Roosevelt?
$100
MattWho is Shirley Temple???
$7,000
Eleanor Roosevelt

Final scores:

Matt Tony Lindsay
$26,000 $6,200 $6,500
6-day champion: $166,401 3rd place: $1,000 2nd place: $2,000

Game dynamics:

Coryat scores:

Matt Tony Lindsay
$24,200 $3,200 $6,400
27 R
(including 3 DDs),
1 W
8 R,
4 W
6 R,
1 W

Combined Coryat: $33,800

The J! Archive is created by fans, for fans. The Jeopardy! game show and all elements thereof, including but not limited to copyright and trademark thereto, are the property of Jeopardy Productions, Inc. and are protected under law. This website is not affiliated with, sponsored by, or operated by Jeopardy Productions, Inc. Join the discussion at JBoard.tv.